Morceaux de Tyler, The Creator - Mort Subite - Statistiques

Statistiques générales
  • Ce quiz a été pris 453 fois
  • Le résultat moyen est 11 sur 16
Answers on the Grid
Answers color-coded by a green-red scale on the quiz's grid according to % correct below.
Yonkers
IFHY
SMUCKERS
911 / Mr. Lonely
EARFQUAKE
GONE, GONE / THANK YOU
NEW MAGIC WAND
See You Again
A BOY IS A GUN*
CORSO
LUMBERJACK
WILSHIRE
OKAGA, CA
Tamale
Rusty
I THINK
BLACK SAND / BLUE SKIN
Sweetheart, I Threw Up
NEON TEETH
COLOGNE ON MY PASSPORT
SAD IN A $5000 JACKET
BABY, IT'S JUST PSYCHOSIS
American Broccoli
GUITARS DON’T BLEED
Shut Up Marcel
A FLOWER FOR THE BOY I WAS
BRUNCH WITH HER
Cherry Bruises
LAVENDER AIRSTRIKE
MY DAD IS A VOICEMAIL
FOR THE RECORD, I STILL HATE YOU
MISSED CALL FROM 2016
 
Statistiques - réponses
Réponse % Correct
See You Again
82%
EARFQUAKE
79%
GONE, GONE / THANK YOU
78%
NEW MAGIC WAND
78%
911 / Mr. Lonely
77%
I THINK
76%
A BOY IS A GUN*
74%
IFHY
73%
Yonkers
67%
LUMBERJACK
62%
Tamale
61%
SMUCKERS
59%
WILSHIRE
56%
CORSO
55%
OKAGA, CA
41%
Rusty
39%
Aucun quiz correspondant
Distribution des résultats
% des personnes avec chaque résultat
Percentile par nombre de réponses
Votre historique - résultats
Vous n’avez pas pris ce quiz